|
|
|
|
| LEADER |
00000cas a2200000 a 4500 |
| 001 |
vtls008693006 |
| 003 |
SK-MaSNL |
| 005 |
20260228155908.0 |
| 008 |
160609c19899999xo r|p 0 b0slo |
| 022 |
|
|
|a 1335-3802
|
| 040 |
|
|
|a SNK
|b slo
|c SNK
|e AACR2
|
| 041 |
0 |
|
|a slo
|
| 044 |
|
|
|a xo
|c SK
|
| 072 |
|
7 |
|a 796
|x Šport. Hry. Telesné cvičenia
|2 konspekt
|
| 080 |
|
|
|a 796.5
|2 2011
|
| 080 |
|
|
|a 050
|2 2011
|
| 080 |
|
|
|a 351.752.17(051)
|2 2011
|
| 210 |
0 |
|
|a Severka
|b (Martin)
|
| 222 |
|
0 |
|a Severka
|b (Martin)
|
| 245 |
0 |
0 |
|a Severka
|b trampský občasník pre všetky túlavé duše
|
| 260 |
|
|
|a Martin
|b Trampské združenie Severka
|f 1989-
|
| 300 |
|
|
|a zv.
|c 30 cm
|
| 310 |
|
|
|a Občasník
|
| 362 |
0 |
|
|a Č. 1 (1989)-
|
| 500 |
|
|
|a Popis podľa: Č. 1 (1994)
|
| 500 |
|
|
|a Šéfredaktor: ?-1996, Ján Dulla ; 1999- , Adalbert Mezei
|
| 500 |
|
|
|a Reg. číslo: MT-70/91
|
| 500 |
|
|
|a Roky 1989-1993 v PDF formáte v Odd. spracovania seriálov
|
| 650 |
0 |
7 |
|a tramping
|2 SNKPH
|9 30061
|
| 655 |
|
7 |
|a časopisy záujmových združení a spolkov
|2 SNKPH
|9 141943
|
| 700 |
1 |
|
|a Dulla, Ján
|4 pbd
|9 218811
|
| 700 |
1 |
|
|a Mezei, Adalbert
|4 pbd
|9 265553
|
| 856 |
4 |
1 |
|u http://www.severka.nfo.sk
|
| 910 |
|
|
|a snk
|
| 916 |
|
|
|a 1994-1996, 1998-1999, 2002-2015
|
| 999 |
|
|
|c 839
|d 839
|
| 952 |
|
|
|0 0
|1 0
|4 0
|7 0
|8 0
|a SNK
|b SNK
|d 2025-07-07
|i snk2025/10643
|l 0
|o snkČSB 6029/2020 D1
|p 17A1557300
|r 2026-02-21 19:50:05
|t č. 1-4
|w 2026-02-21
|y PREZ
|
| 952 |
|
|
|0 0
|1 0
|4 0
|7 0
|8 0
|a SNK
|b SNK
|d 2025-07-07
|i snk2025/10644
|l 0
|o snkČSB 6029/2021 D1
|p 17A1557301
|r 2026-02-21 19:50:05
|t č. 1-4
|w 2026-02-21
|y PREZ
|
| 952 |
|
|
|0 0
|1 0
|4 0
|7 0
|8 0
|a SNK
|b SNK
|d 2025-07-07
|i snk2025/10645
|l 0
|o snkČSB 6029/2022
|p 17A1557302
|r 2026-02-21 19:50:05
|t č. 1-4
|w 2026-02-21
|y PREZ
|
| 952 |
|
|
|0 0
|1 0
|4 0
|7 0
|8 0
|a SNK
|b SNK
|d 2025-07-07
|i snk2025/10646
|l 0
|o snkČSB 6029/2022 D1
|p 17A1557303
|r 2026-02-21 19:50:05
|t č. 1-4
|w 2026-02-21
|y PREZ
|
| 952 |
|
|
|0 0
|1 0
|4 0
|7 0
|8 0
|a SNK
|b SNK
|d 2025-07-07
|i snk2025/10647
|l 0
|o snkČSB 6029/2023
|p 17A1557304
|r 2026-02-21 19:50:05
|t č. 1-4
|w 2026-02-21
|y PREZ
|
| 952 |
|
|
|0 0
|1 0
|4 0
|7 0
|8 0
|a SNK
|b SNK
|d 2025-07-07
|i snk2025/10648
|l 0
|o snkČSB 6029/2023 D1
|p 17A1557305
|r 2026-02-21 19:50:05
|t č. 1-4
|w 2026-02-21
|y PREZ
|
| 952 |
|
|
|0 0
|1 0
|4 0
|7 0
|8 0
|a SNK
|b SNK
|d 2025-07-07
|i snk2025/10649
|l 0
|o snkČSB 6029/2024
|p 17A1557306
|r 2026-02-21 19:50:08
|t č. 1-4
|w 2026-02-21
|y PREZ
|
| 952 |
|
|
|0 0
|1 0
|4 0
|7 0
|8 0
|a SNK
|b SNK
|d 2022-12-09
|i snk2022/18568
|l 0
|o snkČSB 6029/2020
|p 17A1464876
|r 2026-02-21 20:09:48
|t č. 1-4
|w 2026-02-21
|y PREZ
|
| 952 |
|
|
|0 0
|1 0
|4 0
|7 0
|8 0
|a SNK
|b SNK
|d 2022-12-09
|i snk2022/18570
|l 0
|o snkČSB 6029/2021
|p 17A1464875
|r 2026-02-21 20:09:48
|t č. 1-4
|w 2026-02-21
|y PREZ
|
| 952 |
|
|
|0 0
|1 0
|4 0
|7 0
|8 0
|a SNK
|b SNK
|d 2022-12-13
|i snk2022/18788
|l 0
|o snkČSB 6029/2019 D1
|p 17A1465038
|r 2026-02-21 20:11:13
|t č. 1-4
|w 2026-02-21
|y PREZ
|
| 952 |
|
|
|0 0
|1 0
|4 0
|7 0
|8 0
|a SNK
|b SNK
|d 2015-09-10
|i snk2015/26081
|l 0
|o snkČSB 6029/1999 D1
|p 17A1146373
|r 2026-02-21 20:43:21
|t č. 1-3, neúplné
|w 2026-02-21
|y PREZ
|z chýba č. 2, 3
|
| 952 |
|
|
|0 0
|1 0
|4 0
|7 0
|8 0
|a SNK
|b SNK
|d 2015-09-10
|i snk2015/26082
|l 0
|o snkČSB 6029/2002 D1
|p 17A1146374
|r 2026-02-21 20:43:21
|t č. 1-4
|w 2026-02-21
|y PREZ
|
| 952 |
|
|
|0 0
|1 0
|4 0
|7 0
|8 0
|a SNK
|b SNK
|d 2015-09-10
|i snk2015/26083
|l 0
|o snkČSB 6029/2003 D1
|p 17A1146375
|r 2026-02-21 20:43:21
|t č. 1-4
|w 2026-02-21
|y PREZ
|
| 952 |
|
|
|0 0
|1 0
|4 0
|7 0
|8 0
|a SNK
|b SNK
|d 2015-09-10
|i snk2015/26084
|l 0
|o snkČSB 6029/2004 D1
|p 17A1146376
|r 2026-02-21 20:43:21
|t č. 1-4, neúplné
|w 2026-02-21
|y PREZ
|z chýba č. 2
|
| 952 |
|
|
|0 0
|1 0
|4 0
|7 0
|8 0
|a SNK
|b SNK
|d 2015-09-10
|i snk2015/26085
|l 0
|o snkČSB 6029/2005 D1
|p 17A1146377
|r 2026-02-21 20:43:22
|t č. 1-4
|w 2026-02-21
|y PREZ
|
| 952 |
|
|
|0 0
|1 0
|4 0
|7 0
|8 0
|a SNK
|b SNK
|d 2015-09-10
|i snk2015/26086
|l 0
|o snkČSB 6029/2006 D1
|p 17A1146378
|r 2026-02-21 20:43:22
|t č. 1-4
|w 2026-02-21
|y PREZ
|
| 952 |
|
|
|0 0
|1 0
|4 0
|7 0
|8 0
|a SNK
|b SNK
|d 2015-09-10
|i snk2015/26087
|l 0
|o snkČSB 6029/2007 D1
|p 17A1146379
|r 2026-02-21 20:43:22
|t č. 1-4
|w 2026-02-21
|y PREZ
|
| 952 |
|
|
|0 0
|1 0
|4 0
|7 0
|8 0
|a SNK
|b SNK
|d 2015-09-10
|i snk2015/26088
|l 0
|o snkČSB 6029/2008 D1
|p 17A1146380
|r 2026-02-21 20:43:22
|t č. 1-4
|w 2026-02-21
|y PREZ
|
| 952 |
|
|
|0 0
|1 0
|4 0
|7 0
|8 0
|a SNK
|b SNK
|d 2015-09-10
|i snk2015/26089
|l 0
|o snkČSB 6029/2009 D1
|p 17A1146381
|r 2026-02-21 20:43:22
|t č. 1-4
|w 2026-02-21
|y PREZ
|
| 952 |
|
|
|0 0
|1 0
|4 0
|7 0
|8 0
|a SNK
|b SNK
|d 2015-09-10
|i snk2015/26090
|l 0
|o snkČSB 6029/2010 D1
|p 17A1146382
|r 2026-02-21 20:43:22
|t č. 1-4
|w 2026-02-21
|y PREZ
|
| 952 |
|
|
|0 0
|1 0
|4 0
|7 0
|8 0
|a SNK
|b SNK
|d 2015-09-10
|i snk2015/26091
|l 0
|o snkČSB 6029/2011 D1
|p 17A1146383
|r 2026-02-21 20:43:22
|t č. 1-2
|w 2026-02-21
|y PREZ
|
| 952 |
|
|
|0 0
|1 0
|4 0
|7 0
|8 0
|a SNK
|b SNK
|d 2015-09-10
|i snk2015/26092
|l 0
|o snkČSB 6029/2012 D1
|p 17A1146384
|r 2026-02-21 20:43:22
|t č. 1-4
|w 2026-02-21
|y PREZ
|
| 952 |
|
|
|0 0
|1 0
|4 0
|7 0
|8 0
|a SNK
|b SNK
|d 2015-09-10
|i snk2015/26093
|l 0
|o snkČSB 6029/2013 D1
|p 17A1146385
|r 2026-02-21 20:43:22
|t č. 1-4
|w 2026-02-21
|y PREZ
|
| 952 |
|
|
|0 0
|1 0
|4 0
|7 0
|8 0
|a SNK
|b SNK
|d 2015-09-10
|i snk2015/26094
|l 0
|o snkČSB 6029/2014 D1
|p 17A1146386
|r 2026-02-21 20:43:22
|t č. 1-4
|w 2026-02-21
|y PREZ
|
| 952 |
|
|
|0 0
|1 0
|4 0
|7 0
|8 0
|a SNK
|b SNK
|d 2015-09-10
|f 1
|i snk2015/26005
|l 0
|o snkČSB 6029/1994
|p 17A1146344
|r 2026-02-21 20:43:46
|t č. 1-4
|w 2026-02-21
|y PREZ
|
| 952 |
|
|
|0 0
|1 0
|4 0
|7 0
|8 0
|a SNK
|b SNK
|d 2015-09-10
|f 1
|i snk2015/26008
|l 0
|o snkČSB 6029/1995
|p 17A1146353
|r 2026-02-21 20:43:46
|t č. 1-5
|w 2026-02-21
|y PREZ
|
| 952 |
|
|
|0 0
|1 0
|4 0
|7 0
|8 0
|a SNK
|b SNK
|d 2015-09-10
|f 1
|i snk2015/26009
|l 0
|o snkČSB 6029/1996
|p 17A1146354
|r 2026-02-21 20:43:46
|t č. 1-3
|w 2026-02-21
|y PREZ
|
| 952 |
|
|
|0 0
|1 0
|4 0
|7 0
|8 0
|a SNK
|b SNK
|d 2015-09-10
|f 1
|i snk2015/26011
|l 0
|o snkČSB 6029/1998
|p 17A1146355
|r 2026-02-21 20:43:46
|t č. 1-2
|w 2026-02-21
|y PREZ
|
| 952 |
|
|
|0 0
|1 0
|4 0
|7 0
|8 0
|a SNK
|b SNK
|d 2015-09-10
|f 1
|i snk2015/26018
|l 0
|o snkČSB 6029/1999
|p 17A1146356
|r 2026-02-21 20:43:46
|t č. 1-3
|w 2026-02-21
|y PREZ
|
| 952 |
|
|
|0 0
|1 0
|4 0
|7 0
|8 0
|a SNK
|b SNK
|d 2015-09-10
|f 1
|i snk2015/26019
|l 0
|o snkČSB 6029/2002
|p 17A1146357
|r 2026-02-21 20:43:50
|t č. 1-4
|w 2026-02-21
|y PREZ
|
| 952 |
|
|
|0 0
|1 0
|4 0
|7 0
|8 0
|a SNK
|b SNK
|d 2015-09-10
|f 1
|i snk2015/26020
|l 0
|o snkČSB 6029/2003
|p 17A1146358
|r 2026-02-21 20:43:50
|t č. 1-4
|w 2026-02-21
|y PREZ
|
| 952 |
|
|
|0 0
|1 0
|4 0
|7 0
|8 0
|a SNK
|b SNK
|d 2015-09-10
|f 1
|i snk2015/26021
|l 0
|o snkČSB 6029/2004
|p 17A1146359
|r 2026-02-21 20:43:50
|t č. 1-4
|w 2026-02-21
|y PREZ
|
| 952 |
|
|
|0 0
|1 0
|4 0
|7 0
|8 0
|a SNK
|b SNK
|d 2015-09-10
|f 1
|i snk2015/26023
|l 0
|o snkČSB 6029/2005
|p 17A1146360
|r 2026-02-21 20:43:51
|t č. 1-4
|w 2026-02-21
|y PREZ
|
| 952 |
|
|
|0 0
|1 0
|4 0
|7 0
|8 0
|a SNK
|b SNK
|d 2015-09-10
|f 1
|i snk2015/26025
|l 0
|o snkČSB 6029/2006
|p 17A1146361
|r 2026-02-21 20:43:51
|t č. 1-4
|w 2026-02-21
|y PREZ
|
| 952 |
|
|
|0 0
|1 0
|4 0
|7 0
|8 0
|a SNK
|b SNK
|d 2015-09-10
|f 1
|i snk2015/26026
|l 0
|o snkČSB 6029/2007
|p 17A1146362
|r 2026-02-21 20:43:51
|t č. 1-4
|w 2026-02-21
|y PREZ
|
| 952 |
|
|
|0 0
|1 0
|4 0
|7 0
|8 0
|a SNK
|b SNK
|d 2015-09-10
|f 1
|i snk2015/26027
|l 0
|o snkČSB 6029/2008
|p 17A1146363
|r 2026-02-21 20:43:51
|t č. 1-4
|w 2026-02-21
|y PREZ
|
| 952 |
|
|
|0 0
|1 0
|4 0
|7 0
|8 0
|a SNK
|b SNK
|d 2015-09-10
|f 1
|i snk2015/26028
|l 0
|o snkČSB 6029/2009
|p 17A1146364
|r 2026-02-21 20:43:51
|t č. 1-4
|w 2026-02-21
|y PREZ
|
| 952 |
|
|
|0 0
|1 0
|4 0
|7 0
|8 0
|a SNK
|b SNK
|d 2015-09-10
|f 1
|i snk2015/26029
|l 0
|o snkČSB 6029/2010
|p 17A1146365
|r 2026-02-21 20:43:51
|t č. 1-4
|w 2026-02-21
|y PREZ
|
| 952 |
|
|
|0 0
|1 0
|4 0
|7 0
|8 0
|a SNK
|b SNK
|d 2015-09-10
|f 1
|i snk2015/26030
|l 0
|o snkČSB 6029/2011
|p 17A1146366
|r 2026-02-21 20:43:51
|t č. 1-2
|w 2026-02-21
|y PREZ
|
| 952 |
|
|
|0 0
|1 0
|4 0
|7 0
|8 0
|a SNK
|b SNK
|d 2015-09-10
|f 1
|i snk2015/26031
|l 0
|o snkČSB 6029/2012
|p 17A1146367
|r 2026-02-21 20:43:51
|t č. 1-4
|w 2026-02-21
|y PREZ
|
| 952 |
|
|
|0 0
|1 0
|4 0
|7 0
|8 0
|a SNK
|b SNK
|d 2015-09-10
|f 1
|i snk2015/26032
|l 0
|o snkČSB 6029/2013
|p 17A1146368
|r 2026-02-21 20:43:51
|t č. 1-4
|w 2026-02-21
|y PREZ
|
| 952 |
|
|
|0 0
|1 0
|4 0
|7 0
|8 0
|a SNK
|b SNK
|d 2015-09-10
|f 1
|i snk2015/26033
|l 0
|o snkČSB 6029/2014
|p 17A1146369
|r 2026-02-21 20:43:51
|t č. 1-4
|w 2026-02-21
|y PREZ
|
| 952 |
|
|
|0 0
|1 0
|4 0
|7 0
|8 0
|a SNK
|b SNK
|d 2015-09-10
|i snk2015/26034
|l 0
|o snkČSB 6029/1994 D1
|p 17A1146370
|r 2026-02-21 20:43:51
|t č. 1-4, neúplné
|w 2026-02-21
|y PREZ
|z chýba č. 1
|
| 952 |
|
|
|0 0
|1 0
|4 0
|7 0
|8 0
|a SNK
|b SNK
|d 2015-09-10
|i snk2015/26035
|l 0
|o snkČSB 6029/1995 D1
|p 17A1146371
|r 2026-02-21 20:43:51
|t č. 1-4
|w 2026-02-21
|y PREZ
|
| 952 |
|
|
|0 0
|1 0
|4 0
|7 0
|8 0
|a SNK
|b SNK
|d 2015-09-10
|i snk2015/26040
|l 0
|o snkČSB 6029/1996 D1
|p 17A1146372
|r 2026-02-21 20:43:51
|t č. 1-3
|w 2026-02-21
|y PREZ
|
| 952 |
|
|
|0 0
|1 0
|4 0
|7 0
|8 0
|a SNK
|b SNK
|d 2016-02-25
|f 1
|i snk2016/5446
|l 0
|o snkČSB 6029/2015
|p 17A1098665
|r 2026-02-21 22:02:49
|t č. 1-4
|w 2026-02-21
|y PREZ
|
| 952 |
|
|
|0 0
|1 0
|4 0
|7 0
|8 0
|a SNK
|b SNK
|d 2016-02-25
|i snk2016/5455
|l 0
|o snkČSB 6029/2015 D1
|p 17A1098666
|r 2026-02-21 22:02:49
|t č. 1-4
|w 2026-02-21
|y PREZ
|
| 952 |
|
|
|0 0
|1 0
|4 0
|7 0
|8 0
|a SNK
|b SNK
|d 2019-06-06
|i snk2019/15637
|l 0
|o snkČSB 6029/2016
|p 17A1367873
|r 2026-02-21 22:14:30
|t č. 1-4
|w 2026-02-21
|y PREZ
|
| 952 |
|
|
|0 0
|1 0
|4 0
|7 0
|8 0
|a SNK
|b SNK
|d 2019-06-06
|i snk2019/15642
|l 0
|o snkČSB 6029/2016 D1
|p 17A1367874
|r 2026-02-21 22:14:30
|t č. 1-4
|w 2026-02-21
|y PREZ
|
| 952 |
|
|
|0 0
|1 0
|4 0
|7 0
|8 0
|a SNK
|b SNK
|d 2019-06-06
|i snk2019/15644
|l 0
|o snkČSB 6029/2017
|p 17A1367875
|r 2026-02-21 22:14:30
|t č. 1-4
|w 2026-02-21
|y PREZ
|
| 952 |
|
|
|0 0
|1 0
|4 0
|7 0
|8 0
|a SNK
|b SNK
|d 2019-06-06
|i snk2019/15647
|l 0
|o snkČSB 6029/2017 D1
|p 17A1367876
|r 2026-02-21 22:14:31
|t č. 1-4
|w 2026-02-21
|y PREZ
|
| 952 |
|
|
|0 0
|1 0
|4 0
|7 0
|8 0
|a SNK
|b SNK
|d 2019-06-06
|i snk2019/15650
|l 0
|o snkČSB 6029/2018
|p 17A1367877
|r 2026-02-21 22:14:31
|t č. 1-4
|w 2026-02-21
|y PREZ
|
| 952 |
|
|
|0 0
|1 0
|4 0
|7 0
|8 0
|a SNK
|b SNK
|d 2019-06-06
|i snk2019/15654
|l 0
|o snkČSB 6029/2018 D1
|p 17A1367878
|r 2026-02-21 22:14:31
|t č- 1-4
|w 2026-02-21
|y PREZ
|
| 952 |
|
|
|0 0
|1 0
|4 0
|7 0
|8 0
|a SNK
|b SNK
|d 2020-10-28
|i snk2020/19981
|l 0
|o snkČSB 6029/2019
|p 17A1432924
|r 2026-02-21 22:23:15
|t č. 1-4
|w 2026-02-21
|y PREZ
|